000 00273nam a22001217a 4500
008 180607b xxu||||| |||| 00| 0 eng d
041 _aeng
080 _a043.3
100 _a0
101 _aMBE-BA
245 _aTestimi i Pasqyrave Financiare
_cDobova, A
942 _2udc
_cBK
999 _c46603
_d46603